Countries with 8+ Borders-Sudden Death - Statistics

General Stats
  • This quiz has been taken 53 times
  • The average score is 5 of 11
Answers on the Grid
Answers color-coded by a green-red scale on the quiz's grid according to % correct below.
China
Russia
France
Brazil
Germany
DR Congo
Austria
Serbia
Saudi Arabia
Tanzania
Zambia
India
Iran
Algeria
Ukraine
United States
Argentina
Netherlands
Kuwait
Mali
Poland
Italy
Sudan
 
Answer Stats
Answer % Correct
China
75%
Russia
72%
Brazil
64%
Germany
64%
DR Congo
58%
France
42%
Saudi Arabia
33%
Serbia
33%
Austria
17%
Tanzania
17%
Zambia
8%
No matching quizzes found
Score Distribution
Percent of People with Each Score
Percentile by Number Answered
Your Score History
You have not taken this quiz